Dictionary of biology / (Record no. 150631)
[ view plain ]
| 000 -LEADER | |
|---|---|
| fixed length control field | 00607nam a22001937a 4500 |
| 005 - DATE AND TIME OF LATEST TRANSACTION | |
| control field | 20180402172100.0 |
| 010 ## - LCCN (DPL NO) | |
| LC control number | ENG-122439 |
| 020 ## - INTERNATIONAL STANDARD BOOK NUMBER | |
| International Standard Book Number | 9788171392537 |
| Terms of availability | 295.00 |
| 035 ## - SYSTEM CONTROL NUMBER | |
| System control number | EN-105971 |
| 037 ## - SOURCE OF ACQUISITION | |
| Source of stock number/acquisition | DBAD/PUB |
| 082 ## - DEWEY DECIMAL CLASSIFICATION NUMBER | |
| Classification number | 570.3 |
| 245 ## - TITLE STATEMENT | |
| Title | Dictionary of biology / |
| Statement of responsibility, etc | ed. by Haojam Rocky Singh [and] Richa Chowdhary |
| 260 ## - PUBLICATION, DISTRIBUTION, ETC. (IMPRINT) | |
| Place of publication, distribution, etc | New Delhi |
| Name of publisher, distributor, etc | Jnanada Prakashan (P&D) |
| Date of publication, distribution, etc | 2009 |
| 270 ## - ADDRESS | |
| Address | 4837/2, 24, Ansari Road, Daryaganj, |
| City | New Delhi |
| Postal code | 110002 |
| 300 ## - PHYSICAL DESCRIPTION | |
| Extent | 164p. |
| Other physical details | ill. |
| Dimensions | 21cm(Hb) |
| 700 ## - ADDED ENTRY--PERSONAL NAME | |
| Dates associated with a name | Haojam Rocky Singh |
| 700 ## - ADDED ENTRY--PERSONAL NAME | |
| Dates associated with a name | Chowdhary, Richa |
| 942 ## - ADDED ENTRY ELEMENTS (KOHA) | |
| Source of classification or shelving scheme | Dewey Decimal Classification |
| Item type | English Books |
| Classification part | 570.3 |
| Call number suffix | DIC |
| Withdrawn status | Lost status | Not for loan | Collection code | Home library | Current library | Date acquired | Source of acquisition | Cost, normal purchase price | Full call number | Barcode | Copy number | Cost, replacement price | Koha item type |
|---|---|---|---|---|---|---|---|---|---|---|---|---|---|
| Not For Loan | Non-fiction | D.B.Act.Division | Sarojini Nagar | 02/04/2018 | DBAD/PUB | 295.00 | 570.3 DIC | EN-105971 | 1 | 295.00 | English Books |
